[Event "DVM U16 2012"]
[Site "Naumburg (Saale) GER"]
[Date "2012.12.28"]
[Round "4"]
[White "Schückler, Jan"]
[Black "Frenkel, Maxim"]
[Result "0-1"]
[Termination "normal"]
[Board "6.4"]
[WhiteElo "1470"]
[BlackElo "1859"]
[WhiteTeam "SC Eppingen"]
[BlackTeam "SC Vaterstetten"]
[WhiteFideId "12910554"]
[BlackFideId "4620909"]
[EventCountry "GER"]
[EventRounds "7"]
[EventType "team-swiss"]
[EventDate "2012.12.26"]

1. e4 d5 2. exd5 Qxd5 3. Nc3 Qd6 4. Nf3 Nf6 5. d4 Bg4 6. Be3 c6 7. Bd3 Nbd7 8.
h3 Bh5 9. Ne4 Qb4+ 10. Bd2 Qxb2 11. Nxf6+ Nxf6 12. Qb1 Qxb1+ 13. Rxb1 Bxf3 14.
gxf3 O-O-O 15. Be3 g6 16. Bc4 e6 17. Bg5 Bg7 18. c3 h6 19. Bxf6 Bxf6 20. Ke2
Bg5 21. Rb3 Kc7 22. Rhb1 b6 23. a4 Rb8 24. Rg1 Bf4 25. Rg4 g5 26. Rg1 Rbd8 27.
Re1 Rhe8 28. Kf1 Re7 29. Re2 Rd6 30. Re4 f6 31. Bd3 Red7 32. Be2 f5 33. Rxf4
gxf4 34. Rb4 Re7 35. Rc4 Rd5 36. Rb4 Rd8 37. Rc4 Rd6 38. h4 Kb7 39. Rb4 Rd5 40.
Rc4 a5 41. Kg2 b5 42. axb5 cxb5 43. Rc5 Rxc5 44. dxc5 Kc6 0-1

[Event "DVM U16 2012"]
[Site "Naumburg (Saale) GER"]
[Date "2012.12.28"]
[Round "4"]
[White "Yankelevich, Lev"]
[Black "Katz, Leo"]
[Result "1-0"]
[Termination "normal"]
[Board "7.1"]
[WhiteElo "2177"]
[BlackElo "1863"]
[WhiteTeam "SG Trier"]
[BlackTeam "OSG Baden-Baden"]
[WhiteFideId "24684074"]
[BlackFideId "12918458"]
[EventCountry "GER"]
[EventRounds "7"]
[EventType "team-swiss"]
[EventDate "2012.12.26"]

1. e4 e6 2. d4 d5 3. Bd3 dxe4 4. Bxe4 Nf6 5. Bf3 Be7 6. Ne2 O-O 7. O-O c6 8. c4
Nbd7 9. Nbc3 Nb6 10. b3 a5 11. Bf4 Re8 12. Qc2 Bf8 13. Rad1 g6 14. Rd2 Bg7 15.
Rfd1 Qe7 16. Ng3 a4 17. Nge4 Nxe4 18. Nxe4 e5 19. dxe5 Bxe5 20. Bg5 f6 21. Be3
Qc7 22. Nd6 Rd8 23. Nxc8 Raxc8 24. Rxd8+ Rxd8 25. Rxd8+ Qxd8 26. bxa4 Nc8 27.
g3 Ne7 28. Be4 Kg7 29. Kg2 Qd7 30. a5 Nc8 31. a6 bxa6 32. Qa4 Ne7 33. Qxa6 f5
34. Bf3 Bf6 35. Qa7 Qe6 36. Bd4 Kf7 37. Bxf6 Kxf6 38. Qd4+ Kf7 39. a4 g5 40.
Bh5+ Ng6 41. a5 Qc8 42. h3 Qa8 43. Qc5 Qe8 44. Qxf5+ Kg7 45. a6 c5 46. Bxg6
hxg6 47. Qf3 Qa4 48. Qb7+ 1-0

[Event "DVM U16 2012"]
[Site "Naumburg (Saale) GER"]
[Date "2012.12.28"]
[Round "4"]
[White "Becker, Dirk"]
[Black "Bauer, Lukas"]
[Result "1/2-1/2"]
[Termination "normal"]
[Board "7.2"]
[WhiteElo "1813"]
[BlackElo "1689"]
[WhiteTeam "OSG Baden-Baden"]
[BlackTeam "SG Trier"]
[WhiteFideId "12938564"]
[BlackFideId "12907715"]
[EventCountry "GER"]
[EventRounds "7"]
[EventType "team-swiss"]
[EventDate "2012.12.26"]

1. e4 c5 2. Nf3 Nc6 3. d4 cxd4 4. Nxd4 g6 5. c4 Bg7 6. Be3 Nf6 7. Nc3 d6 8. Be2
O-O 9. Qd2 Ng4 10. Bxg4 Bxg4 11. O-O a6 12. Rac1 Bd7 13. f3 Ne5 14. b3 Rb8 15.
a4 Nc6 16. Nd5 Nxd4 17. Bxd4 Bxd4+ 18. Qxd4 b6 19. Rfd1 Be6 20. Nb4 Qc8 21. Nd5
Qd8 22. Rc2 b5 23. axb5 Bxd5 24. Qxd5 axb5 25. c5 dxc5 26. Rxc5 Qb6 27. Qc6
Qxc6 28. Rxc6 Rfc8 29. Rdc1 Rxc6 30. Rxc6 Rb7 31. Rc5 Kg7 32. Kf2 Kf6 33. h4 e5
34. Rd5 Ke6 35. g4 1/2-1/2

[Event "DVM U16 2012"]
[Site "Naumburg (Saale) GER"]
[Date "2012.12.28"]
[Round "4"]
[White "Kim, Yun-Ghi"]
[Black "Steimbach, Isabel"]
[Result "0-1"]
[Termination "normal"]
[Board "7.3"]
[WhiteElo "1745"]
[BlackElo "1761"]
[WhiteTeam "SG Trier"]
[BlackTeam "OSG Baden-Baden"]
[WhiteFideId "12925888"]
[BlackFideId "24692174"]
[EventCountry "GER"]
[EventRounds "7"]
[EventType "team-swiss"]
[EventDate "2012.12.26"]

1. d4 d5 2. c4 e6 3. g3 Nf6 4. Bg2 Be7 5. Nf3 O-O 6. O-O b6 7. Nbd2 Bb7 8. Ne5
Nbd7 9. Ndf3 Nxe5 10. Nxe5 Nd7 11. Nxd7 Qxd7 12. Bf4 Rfd8 13. Rc1 Rac8 14. e3
f6 15. h4 Ba6 16. b3 Ba3 17. Rc2 dxc4 18. bxc4 e5 19. Qf3 exf4 20. gxf4 Qe7 21.
Bh3 Rb8 22. Kh2 Bb7 23. d5 Bc8 24. f5 Bd6+ 25. Kh1 Qe5 26. Qg2 Bxf5 27. Bxf5
Qxf5 28. e4 Qf4 29. Rc3 Qxh4+ 30. Rh3 Qf4 31. Rg1 Rd7 32. Rh5 Re8 33. f3 Re5
34. Rxe5 Qh4+ 0-1

[Event "DVM U16 2012"]
[Site "Naumburg (Saale) GER"]
[Date "2012.12.28"]
[Round "4"]
[White "Peczely, Sebastian Zsombor"]
[Black "Simanowski, Mio"]
[Result "1-0"]
[Termination "normal"]
[Board "8.1"]
[WhiteElo "2064"]
[BlackElo "1893"]
[WhiteTeam "Schachgemeinschaft Leipzig"]
[BlackTeam "SV Mülheim-Nord 1931"]
[WhiteFideId "750964"]
[BlackFideId "24687154"]
[EventCountry "GER"]
[EventRounds "7"]
[EventType "team-swiss"]
[EventDate "2012.12.26"]

1. e4 e5 2. Nf3 Nc6 3. Bb5 a6 4. Ba4 Nf6 5. O-O d6 6. Re1 Be7 7. h3 O-O 8. c3
b5 9. Bc2 Bb7 10. d3 Re8 11. Nbd2 h6 12. Nf1 Bf8 13. Ng3 Ne7 14. Be3 c5 15. Qd2
Qc7 16. Rad1 Rac8 17. Qe2 d5 18. Nh4 c4 19. exd5 Nexd5 20. Ne4 cxd3 21. Nxf6+
Nxf6 22. Bxd3 Qc6 23. Bb1 b4 24. cxb4 Bxb4 25. Bd2 Bxd2 26. Rxd2 Qc4 27. Qxc4
Rxc4 28. Nf5 Rc7 29. Red1 e4 30. Nd6 Ree7 31. Nxb7 Rxb7 32. b3 Re6 33. Rd8+ Kh7
34. R8d6 Rbe7 35. f3 g6 36. fxe4 Nxe4 37. Bxe4 Rxe4 38. Rxa6 Re2 39. Rf1 Rd2
40. Raf6 Rxa2 41. Rxf7+ Rxf7 42. Rxf7+ Kg8 43. Rb7 Rb2 44. Kh2 Kf8 45. Kg3 Ke8
46. h4 g5 47. hxg5 hxg5 48. Kf3 g4+ 49. Kg3 Kd8 50. Rf7 Ke8 51. Rf4 Rxb3+ 52.
Kxg4 Rb8 53. Kg5 Ke7 54. g4 Rh8 55. Kg6 Rh4 56. Rf7+ Ke8 57. g5 Rh1 58. Rf2 Ra1
59. Kh6 Rh1+ 60. Kg7 Ra1 61. g6 Rh1 62. Re2+ Kd8 63. Kg8 1-0

[Event "DVM U16 2012"]
[Site "Naumburg (Saale) GER"]
[Date "2012.12.28"]
[Round "4"]
[White "Vavro, Maximilian"]
[Black "Kreyssig, Robert"]
[Result "1/2-1/2"]
[Termination "normal"]
[Board "8.2"]
[WhiteElo "1839"]
[BlackElo "1991"]
[WhiteTeam "SV Mülheim-Nord 1931"]
[BlackTeam "Schachgemeinschaft Leipzig"]
[WhiteFideId "12918954"]
[BlackFideId "4662881"]
[EventCountry "GER"]
[EventRounds "7"]
[EventType "team-swiss"]
[EventDate "2012.12.26"]

1. c4 c6 2. Nc3 d5 3. d4 e6 4. g3 Nf6 5. Bg2 Nbd7 6. e3 Be7 7. Nge2 O-O 8. O-O
b6 9. b3 Ba6 10. cxd5 cxd5 11. Bb2 Rc8 12. Qd2 Bb4 13. Rfc1 Qe7 14. a3 Bd6 15.
Nf4 Rc7 16. Bf1 Bxf1 17. Kxf1 a6 18. Qd3 b5 19. b4 Nb6 20. Rc2 Nc4 21. Rac1
Rfc8 22. f3 Rc6 23. Nfe2 Nd7 24. e4 Ndb6 25. e5 Bb8 26. Kg2 Ba7 27. f4 f5 28.
h3 R8c7 29. Qf3 Qe8 30. g4 g6 31. g5 Nxb2 32. Rxb2 Qc8 33. Ra2 Nc4 34. Qd3 Qb7
35. Raa1 Nb6 36. h4 Rc4 37. Kf3 Qc8 38. Qd2 Nd7 39. Na2 Rc2 40. Rxc2 Rxc2 41.
Rc1 Rc4 42. Rc3 Nb6 43. Kg3 Na4 44. Rxc4 Qxc4 45. Qc1 Qd3+ 46. Kf2 Bxd4+ 47.
Ke1 Bb6 48. Qc6 Kf7 49. Qd7+ Kf8 50. Qd6+ 1/2-1/2

[Event "DVM U16 2012"]
[Site "Naumburg (Saale) GER"]
[Date "2012.12.28"]
[Round "4"]
[White "Waschischeck, Tom"]
[Black "Stoer, Nathan"]
[Result "0-1"]
[Termination "normal"]
[Board "8.3"]
[WhiteElo "1642"]
[BlackElo "1706"]
[WhiteTeam "Schachgemeinschaft Leipzig"]
[BlackTeam "SV Mülheim-Nord 1931"]
[WhiteFideId "12931780"]
[BlackFideId "1271569"]
[EventCountry "GER"]
[EventRounds "7"]
[EventType "team-swiss"]
[EventDate "2012.12.26"]

1. e4 e6 2. d4 d5 3. Nc3 Nf6 4. exd5 exd5 5. Bd3 Bd6 6. Nge2 O-O 7. Bg5 c6 8.
f3 Nbd7 9. Qd2 Qb6 10. O-O-O Re8 11. g4 c5 12. dxc5 Qxc5 13. Ng3 h6 14. Bxf6
Nxf6 15. Rhe1 Bd7 16. Kb1 Qc7 17. Rxe8+ Rxe8 18. Bb5 Bc6 19. Qf2 a6 20. Bd3
Bxg3 21. hxg3 d4 22. Ne2 Rd8 23. Nxd4 Bd5 24. Nb3 a5 25. Bb5 Qe5 26. Bc4 Rd6
27. Bxd5 Nxd5 28. Nd4 Ne3 29. Qe2 Rxd4 30. Rxd4 Qxd4 31. c3 Qc5 32. Kc1 Kf8 33.
Kd2 Nc4+ 34. Kc2 b5 35. b3 Ne5 36. Kb2 Qd5 37. f4 Nc6 38. Qf2 Ke7 39. Kc2 b4
40. Qe2+ Kd7 41. Qd3 Qxd3+ 42. Kxd3 Kd6 43. c4 Kc5 44. Ke3 Nd4 45. Kd3 g6 46.
g5 hxg5 47. fxg5 Ne6 48. Ke4 Nxg5+ 49. Kf4 f6 50. Ke3 Ne6 51. Kd3 Nd4 52. Kd2
f5 53. Kd3 g5 54. Kd2 Nf3+ 55. Ke3 Ne5 56. Kd2 Kd4 57. Kc2 Ke3 58. Kd1 f4 59.
gxf4 gxf4 60. Ke1 f3 0-1

[Event "DVM U16 2012"]
[Site "Naumburg (Saale) GER"]
[Date "2012.12.28"]
[Round "4"]
[White "Kremer, Moritz"]
[Black "Wildermuth, Tim"]
[Result "1-0"]
[Termination "normal"]
[Board "8.4"]
[WhiteElo "1725"]
[BlackElo "1601"]
[WhiteTeam "SV Mülheim-Nord 1931"]
[BlackTeam "Schachgemeinschaft Leipzig"]
[WhiteFideId "1270623"]
[BlackFideId "12946109"]
[EventCountry "GER"]
[EventRounds "7"]
[EventType "team-swiss"]
[EventDate "2012.12.26"]

1. c4 Nf6 2. g3 g6 3. Bg2 Bg7 4. Nc3 O-O 5. d4 d6 6. e3 Nbd7 7. Nge2 c5 8. O-O
Rb8 9. b3 b6 10. Bb2 Bb7 11. d5 Bc8 12. Qc2 Ne5 13. h3 Bf5 14. e4 Bc8 15. f4
Ned7 16. Nd1 Ne8 17. Ne3 a6 18. Bxg7 Nxg7 19. g4 b5 20. g5 f5 21. exf5 Nxf5 22.
Nxf5 Rxf5 23. h4 Nf8 24. h5 gxh5 25. Ng3 Rf7 26. f5 Rg7 27. Ne4 bxc4 28. bxc4
Rb4 29. f6 Rf7 30. fxe7 Rxf1+ 31. Rxf1 Qxe7 32. Nf6+ Kh8 33. Qc3 Qe5 34. Nxh5
Ng6 35. Re1 Rxc4 36. Rxe5 Nxe5 37. Qb2 Rb4 38. Qf2 Ng6 39. Qf6+ 1-0

[Event "DVM U16 2012"]
[Site "Naumburg (Saale) GER"]
[Date "2012.12.28"]
[Round "4"]
[White "Richter, Leonard"]
[Black "Pilat, Fabian"]
[Result "1/2-1/2"]
[Termination "normal"]
[Board "9.1"]
[WhiteElo "1926"]
[BlackElo "1939"]
[WhiteTeam "BSG Grün-Weiß Leipzig"]
[BlackTeam "SG Bochum 1931"]
[WhiteFideId "12900290"]
[BlackFideId "24683396"]
[EventCountry "GER"]
[EventRounds "7"]
[EventType "team-swiss"]
[EventDate "2012.12.26"]

1. e4 c5 2. Nf3 e6 3. d3 d5 4. Nbd2 Nc6 5. g3 Nf6 6. Bg2 Qc7 7. O-O Be7 8. Re1
O-O 9. Nf1 h6 10. Bf4 e5 11. exd5 exf4 12. dxc6 bxc6 13. Ne5 Bb7 14. gxf4 Bd6
15. Nd2 Nd5 16. Qg4 Nb4 17. Qd1 Nd5 18. Qg4 Nb4 19. Qd1 Nd5 1/2-1/2

[Event "DVM U16 2012"]
[Site "Naumburg (Saale) GER"]
[Date "2012.12.28"]
[Round "4"]
[White "Fistoul, Boris"]
[Black "Schmücker, Felix"]
[Result "0-1"]
[Termination "normal"]
[Board "9.2"]
[WhiteElo "1654"]
[BlackElo "2073"]
[WhiteTeam "SG Bochum 1931"]
[BlackTeam "BSG Grün-Weiß Leipzig"]
[WhiteFideId "12953962"]
[BlackFideId "12900273"]
[EventCountry "GER"]
[EventRounds "7"]
[EventType "team-swiss"]
[EventDate "2012.12.26"]

1. d4 Nf6 2. c4 e6 3. Nc3 Bb4 4. a3 Bxc3+ 5. bxc3 c5 6. e3 b6 7. Qc2 Bb7 8. f3
Nc6 9. Bd3 O-O 10. Ne2 d5 11. O-O Re8 12. Bb2 Na5 13. cxd5 c4 14. dxe6 cxd3 15.
exf7+ Kxf7 16. Qxd3 Qc8 17. e4 Qc4 18. Qc2 Ba6 19. Rfe1 Kg8 20. Rad1 Rad8 21.
Nf4 Qc7 22. e5 Nd5 23. Nxd5 Rxd5 24. Re4 Nc4 25. Bc1 Bc8 26. Rh4 g6 27. g4 Qd8
28. Rh6 Nxe5 29. Kg2 Nf7 30. Rh3 b5 31. Rg3 Nd6 32. Rh1 Qe7 33. Rf1 Qe2+ 34.
Qxe2 Rxe2+ 35. Rf2 Rxf2+ 36. Kxf2 Nc4 37. Rg2 Rd6 38. Kg3 Re6 39. Kf4 Re1 40.
Rc2 Bb7 41. Kg3 Rf1 42. f4 Be4 0-1

[Event "DVM U16 2012"]
[Site "Naumburg (Saale) GER"]
[Date "2012.12.28"]
[Round "4"]
[White "Caprita, Victor"]
[Black "Fistoul, Ilja"]
[Result "1-0"]
[Termination "normal"]
[Board "9.3"]
[WhiteElo "1482"]
[BlackElo "1605"]
[WhiteTeam "BSG Grün-Weiß Leipzig"]
[BlackTeam "SG Bochum 1931"]
[WhiteFideId "12946125"]
[BlackFideId "12953580"]
[EventCountry "GER"]
[EventRounds "7"]
[EventType "team-swiss"]
[EventDate "2012.12.26"]

1. e4 e6 2. d4 b6 3. Bd3 Bb7 4. c3 c5 5. Nf3 cxd4 6. cxd4 Ba6 7. Nc3 Ne7 8. Bg5
f6 9. Bf4 Bxd3 10. Qxd3 Ng6 11. Bg3 Be7 12. O-O O-O 13. d5 Qc8 14. Rac1 Qa6 15.
Qd2 Bc5 16. Nd4 Bxd4 17. Qxd4 e5 18. Qd2 d6 19. f4 Nd7 20. f5 Ne7 21. Rf3 Qa5
22. Bf2 Rac8 23. Re1 Nc5 24. Qe2 Qa6 25. Qd1 Kh8 26. Rh3 Ng8 27. Qh5 Nh6 28.
Be3 Qb7 29. Bxh6 gxh6 30. Qxh6 a6 31. Ree3 Qf7 32. Qg6 Rc7 33. Rh6 Qxg6 34.
fxg6 Rg7 35. Reh3 b5 36. Rxh7+ Rxh7 37. Rxh7+ Kg8 38. b4 Nd3 39. a3 Nf4 40. Rc7
Nxg6 41. Rc6 Rd8 42. Rxa6 Rc8 43. Rc6 1-0

[Event "DVM U16 2012"]
[Site "Naumburg (Saale) GER"]
[Date "2012.12.28"]
[Round "4"]
[White "Schwerdtfeger, Lukas"]
[Black "Schaefer, Matthes"]
[Result "1/2-1/2"]
[Termination "normal"]
[Board "9.4"]
[WhiteElo "1418"]
[BlackElo "1344"]
[WhiteTeam "SG Bochum 1931"]
[BlackTeam "BSG Grün-Weiß Leipzig"]
[BlackFideId "12946117"]
[EventCountry "GER"]
[EventRounds "7"]
[EventType "team-swiss"]
[EventDate "2012.12.26"]

1. e4 e6 2. d4 d5 3. exd5 exd5 4. Nc3 Nf6 5. Bf4 a6 6. Bd3 Nc6 7. Nf3 Bd6 8.
Bg5 Be6 9. O-O O-O 10. a3 h6 11. Bh4 Be7 12. h3 Qd7 13. Re1 Rfe8 14. Qd2 Nh7
15. Bxe7 Rxe7 16. Na4 b6 17. Re3 Nf8 18. Nc3 b5 19. Rae1 Rae8 20. Ne2 Qd6 21.
Nc1 Nd7 22. R1e2 Ncb8 23. Nb3 Nc6 1/2-1/2

[Event "DVM U16 2012"]
[Site "Naumburg (Saale) GER"]
[Date "2012.12.28"]
[Round "4"]
[White "Schulz, Lukas"]
[Black "Martin, Richard"]
[Result "1-0"]
[Termination "normal"]
[Board "10.1"]
[WhiteElo "1872"]
[BlackElo "1730"]
[WhiteTeam "SC Höchstadt/Aisch"]
[BlackTeam "SV Unterkochen"]
[WhiteFideId "12924881"]
[BlackFideId "12925691"]
[EventCountry "GER"]
[EventRounds "7"]
[EventType "team-swiss"]
[EventDate "2012.12.26"]

1. e4 e6 2. Nc3 d5 3. g3 Nf6 4. Bg2 c6 5. Nge2 d4 6. Nb1 e5 7. O-O d3 8. Nec3
Bc5 9. h3 Be6 10. b3 Na6 11. a3 h5 12. b4 Bb6 13. Na4 Bc4 14. c3 h4 15. g4 g5
16. Nb2 Be6 17. Qf3 Bc7 18. Re1 Rh6 19. Qxd3 Qe7 20. Qe2 O-O-O 21. d3 Rg8 22.
Be3 Qd7 23. f3 Bb6 24. Bxb6 axb6 25. Qe3 b5 26. a4 Nh5 27. axb5 cxb5 28. d4 Nf4
29. d5 Bxd5 30. exd5 Nxd5 31. Qf2 1-0

[Event "DVM U16 2012"]
[Site "Naumburg (Saale) GER"]
[Date "2012.12.28"]
[Round "4"]
[White "Basaran, Mehmet"]
[Black "Koch, Christian"]
[Result "1/2-1/2"]
[Termination "normal"]
[Board "10.2"]
[WhiteElo "1749"]
[BlackElo "1742"]
[WhiteTeam "SV Unterkochen"]
[BlackTeam "SC Höchstadt/Aisch"]
[WhiteFideId "12929042"]
[BlackFideId "1272124"]
[EventCountry "GER"]
[EventRounds "7"]
[EventType "team-swiss"]
[EventDate "2012.12.26"]

1. e4 d6 2. d4 Nf6 3. Nc3 g6 4. Nf3 Bg7 5. Bd3 O-O 6. O-O Bg4 7. h3 Bxf3 8.
Qxf3 Nbd7 9. Be3 b6 10. Qe2 c5 11. dxc5 Nxc5 12. Qd2 Qc7 13. Bh6 Rac8 14. Bxg7
Kxg7 15. Rac1 Qb7 16. Rfe1 e6 17. f3 Rfd8 18. Qe3 d5 19. exd5 Nxd5 20. Nxd5
Qxd5 21. b3 Nxd3 22. cxd3 Rxc1 23. Rxc1 Qxd3 24. Qxd3 Rxd3 25. Rc7 a5 26. Rc6
b5 27. Ra6 b4 28. Rxa5 Rd4 29. Kf2 Rd2+ 30. Kg1 h6 31. Ra4 1/2-1/2

[Event "DVM U16 2012"]
[Site "Naumburg (Saale) GER"]
[Date "2012.12.28"]
[Round "4"]
[White "Mönius, Alexander"]
[Black "Wallinger, Lukas"]
[Result "0-1"]
[Termination "normal"]
[Board "10.3"]
[WhiteElo "1747"]
[BlackElo "1551"]
[WhiteTeam "SC Höchstadt/Aisch"]
[BlackTeam "SV Unterkochen"]
[WhiteFideId "12949795"]
[BlackFideId "1272003"]
[EventCountry "GER"]
[EventRounds "7"]
[EventType "team-swiss"]
[EventDate "2012.12.26"]

1. d4 Nf6 2. e3 g6 3. Bd3 Bg7 4. f4 d6 5. Nf3 O-O 6. O-O c5 7. c3 Nc6 8. Nbd2
a6 9. a4 cxd4 10. exd4 Nd5 11. Ne4 Bg4 12. Qb3 Bh6 13. Qxb7 Na5 14. Qxd5 Be6
15. Nf6+ exf6 16. Qe4 Re8 17. Nd2 Qd7 18. b4 Nb3 19. Nxb3 Bxb3 20. Qf3 Bxa4 21.
f5 Bg7 22. fxg6 fxg6 23. Be4 Rac8 24. Bb7 Bb5 25. Bxc8 Qxc8 26. Bd2 Bxf1 27.
Qxf1 Qg4 28. Rxa6 Re2 29. Ra8+ Kf7 30. Ra7+ Kg8 31. Ra8+ Kf7 32. Qf3 Qxf3 33.
gxf3 Rxd2 34. Ra6 Bf8 35. b5 Rb2 36. c4 d5 37. Ra7+ Kg8 38. c5 Rxb5 39. Rd7 Rb8
40. Rxd5 Be7 41. Rd7 Kf8 42. c6 Rd8 43. Rb7 Kf7 44. c7 Rc8 45. d5 Bd6 46. Rb6
Bc5+ 0-1